000 01112 a2200241 4500
003 Nust
005 20170207153155.0
010 _a 95002753
020 _a0071135413
040 _cNust
082 0 0 _a621.317
100 1 _aVithayathil, Joseph.
245 1 0 _aPower electronics :
_bprinciples and applications
_cJoseph Vithayathil.
250 _aInternational ed.
260 _aNew York :
_bMcGraw-Hill,
_cc1995.
300 _axxiv, 632 p. :
_bill. ;
_c25 cm.
490 1 _aMcGraw-Hill series in electrical and computer engineering. Power and energy
505 _aPower Semiconductor Devices (Page-1), Line Commutated Converters (Page-106), AC Switching Controllers (Page-205), Choppers (Page-228), Inverters (Page-293), Power Supply Systems (Page-376), Adjustable Speed DC Motor Drives (Page-441), Adjustable Speed AC Motor Drives (Page-492), Vector Control of AC Motor Drives (Page-578),
538 _aAlmirah No.31 Shelf No.3
650 0 _aPower electronics.
830 0 _aMcGraw-Hill series in electrical and computer engineering.
830 0 _aMcGraw-Hill series in electrical and computer engineering.
942 _2ddc
_cBK
999 _c180717
_d180717